000 00281nam a22001217a 4500
999 _c14871
_d14871
020 _a9789350300220
082 _a620.43
_bKAP/ER
100 _aKapoor, manish
_92125
245 _aEra of nanotechnology
260 _aJaipur
_bOxford book company
_c2012
300 _a280p
942 _cBK